000 00400nam a22001457a 4500
003 OSt
008 240827b |||||||| |||| 00| 0 eng d
020 _a9788173056482
082 _a320.5409
_bCHN
100 _aCHAKRABARTI, Dilip K.
245 _aNationalism in the study of ancient Indian history
260 _aNew Delhi:
_bAryan Books International,
_c2021.
300 _axv,398p.
942 _2ddc
_cBK
999 _c12829
_d12829